000 00340 a2200157 4500
001 149280
040 _cEscola São Tomás de Aquino
100 _aABRAMOVICH, Fanny
240 1 0 _aDetonando o som
_lpor
245 1 0 _aDetonando o som
300 _a40
362 0 _a2000
440 1 _aFTD
697 _a*LITERATURA INFANTO
942 _cBK
999 _c149280
_d149280